Několik zkušeností z návštěv v rodinách

Bibliographic Details
Main Author: Sbořilová, Marie (Author)
Format: Article
Language:Slovak
Czech

MARC

LEADER 00000nab a2200000 a 4500
001 vtls010717905
003 SK-MaSNL
005 20260304193248.0
008 250709s1959 xo |||||||||||||||||slo|
035 |a (urnnbn)urn:nbn:sk:snk:ar-a04om2 
035 |a (uuid)e0958e1f-01b6-4467-9b02-882af42eee7e 
035 |a urn:nbn:sk:snk-ab3jkb 
040 |a SNKBUCL  |b slo  |c SNKBUCL  |e AACR2 
041 0 |a cze 
044 |a xo  |c SK 
100 1 |a Sbořilová, Marie  |4 aut  |9 1527065 
245 1 0 |a Několik zkušeností z návštěv v rodinách  |c Marie Sbořilová 
773 0 |t Otázky defektológie : časopis pre teóriu a prax na školách a v zariadeniach pre mládež vyžadujúcu osobitnú starostlivosť  |g Roč. 1, č. 10 (1959), s. 296-298 
850 |a Slovenská národná knižnica 
852 |a Slovenská národná knižnica 
958 |a article1 
958 |a OND 
958 |a EUIPO 
999 |c 3066067  |d 3067997